La ville dont le prince est un enfant : piece en trois actes : texte de 1967 /

שמור ב:
מידע ביבליוגרפי
מחבר ראשי: Montherlant, Henry : de (Author)
פורמט: ספר
שפה:צרפתית
יצא לאור: Paris : Gallimard, 1990
סדרה:Folio ; 293
תגים: הוספת תג
אין תגיות, היה/י הראשונ/ה לתייג את הרשומה!

MARC

LEADER 00000nam a22000007i 4500
001 IT\ICCU\MOD\1435317
003 ItRI
005 20251018195000.0
008 071218s1990 fr |||||| ||||| |||||c
020 |a 2070362930 
020 |a 9782070362936 
040 |b ita  |c ct 
041 7 |a fre  |2 ISO-639-2 
100 1 |a Montherlant, Henry : de  |0 IT\ICCU\CFIV\023306  |4 aut 
245 1 3 |a La ville dont le prince est un enfant :  |b piece en trois actes : texte de 1967 /  |c Henry de Montherlant. 
260 |a Paris :  |b Gallimard,  |c 1990 
300 |a 302 p. ;  |c 18 cm. 
830 0 |a Folio ;  |v 293  |0 IT\ICCU\RAV\0110397 
942 |2 ddc  |c BK 
952 |0 0  |1 0  |2 ddc  |4 0  |6 B_LTR05MONHEVIL11  |7 0  |9 7938  |a MI  |b MI  |d 2014-03-31  |i 3039  |l 0  |o B-LTR05-MONHE-VIL11  |p CDOM3039  |r 2025-07-13 16:28:00  |w 2025-07-13  |x DONO  |y BK 
981 1 |6 z01  |a i   |b xxxe  
982 1 |6 z01  |a n 
999 |c 6606  |d 6606